000 00198 a2200097 4500
001 11194
100 _aKochanek, S
245 _aIndia
260 _a
_bPrinceton, New jersay
_c
090 _c8747
_d8747
942 _aNUST-CAE
_cM
_c35541
999 _c246267
_d246267